Normal view MARC view

Entry Topical Term

Number of records used in: 3

001 - CONTROL NUMBER

  • control field: 3450

003 - CONTROL NUMBER IDENTIFIER

  • control field: TR-AnTOB

005 - DATE AND TIME OF LATEST TRANSACTION

  • control field: 20191013211154.0

008 - FIXED-LENGTH DATA ELEMENTS

  • fixed length control field: 100512|| anannbabn |n ana

010 ## - LIBRARY OF CONGRESS CONTROL NUMBER

  • LC control number: sh2010107018

024 ## - OTHER STANDARD IDENTIFIER

  • Source of number or code: uri
  • Standard number or code: http://koha.etu.edu.tr/cgi-bin/koha/opac-authoritiesdetail.pl?authid=45907&marc=1

035 ## - SYSTEM CONTROL NUMBER

  • System control number: (TR-AnTOB)45907

040 ## - CATALOGING SOURCE

  • Original cataloging agency: DLC
  • Language of cataloging: eng
  • Description conventions: rda
  • Transcribing agency: DLC
  • Modifying agency: TR-AnTOB

150 ## - HEADING--TOPICAL TERM

  • Topical term or geographic name entry element: Political crimes and offenses
  • Geographic subdivision: Turkey

450 ## - SEE FROM TRACING--TOPICAL TERM

  • Topical term or geographic name entry element: Siyasi suçlar ve suçlular
  • Geographic subdivision: Türkiye

450 ## - SEE FROM TRACING--TOPICAL TERM

  • Topical term or geographic name entry element: Siyasal suçlar ve suçlular
  • Geographic subdivision: Türkiye

450 ## - SEE FROM TRACING--TOPICAL TERM

  • Topical term or geographic name entry element: Politik suçlar ve suçlular
  • Geographic subdivision: Türkiye

670 ## - SOURCE DATA FOUND

  • Source citation: Work cat.: T.B.M.M. Faili Meçhul Cinayetler Araştırma Komisyonu raporu, 1995

672 ## - TITLE RELATED TO THE ENTITY

  • Bibliographic record control number: 99960

750 ## - ESTABLISHED HEADING LINKING ENTRY--TOPICAL TERM

  • Authority record control number or standard number: (DLC)sh2010107018
  • Source of heading or term: lcsh
  • Topical term or geographic name entry element: Political crimes and offenses
  • Form subdivision: Turkey

750 ## - ESTABLISHED HEADING LINKING ENTRY--TOPICAL TERM

  • Authority record control number or standard number: (TR-AnTOB)120852
  • Source of heading or term: etuturkob
Devinim Yazılım Eğitim Danışmanlık tarafından Koha'nın orjinal sürümü uyarlanarak geliştirilip kurulmuştur.